Negotiation strategies and tactics

Charakteristika vyjednávania. Vyjednávacie stratégie a taktiky. Rozdeľujúce a zjednocujúce vyjednávanie. Cieľ a metodológia. Výsledky a diskusia.

Salvato in:
Dettagli Bibliografici
Autore principale: Olexová, Cecília, 1976-
Altri autori: Bašistová, Alena
Natura: Capitolo di libro
Lingua:inglese
Soggetti:
Tags: Aggiungi Tag
Nessun Tag, puoi essere il primo ad aggiungerne!!

MARC

LEADER 00000nla$a2200000$$$4500
001 0120564
005 20240502072346.1
041 0 |a eng 
044 |a SK 
245 1 0 |a Negotiation strategies and tactics  |c Cecília Olexová, Alena Bašistová 
520 |a Charakteristika vyjednávania. Vyjednávacie stratégie a taktiky. Rozdeľujúce a zjednocujúce vyjednávanie. Cieľ a metodológia. Výsledky a diskusia. 
610 2 0 |a vyjednávanie 
610 2 0 |a metodológia 
610 2 0 |a komunikácia 
100 1 |a Olexová, Cecília, 1976- 
700 1 |a Bašistová, Alena